000 00500nam a2200145Ia 4500
008 100122s9999 xx 000 0 und d
082 _b14934
_a823
100 _aआपटे ह ना
245 _aकेवळ स्वराज्यासाठी
260 _bआर्यभूषण मुद्रणालय
_c1964
300 _a371
630 _aकेवळ स्वराज्यासाठी
730 _aकेवळ स्वराज्यासाठी
942 _cBOOK
999 _c405277
_d405274